XQ Sigues Pasando - Abraham Mateo, Sebastián Yatra - Estadísticas

Estadísticas generales
  • Esta prueba ha sido intentada 26 veces
  • La puntuación promedio es 291 de 440
Estadísticas de respuestas
Letra % Correcto
la
100%
lo
100%
Lo
100%
100%
Si
100%
si
100%
a
80%
ahí
80%
coger
80%
el
80%
es
80%
Es
80%
esta
80%
estás
80%
los
80%
me
80%
no
80%
ocupada
80%
pa
80%
Pa
80%
pasa
80%
pasando?
80%
pasando
80%
por
80%
Por
80%
puedes
80%
Que
80%
que
80%
qué
80%
qué?
80%
80%
Se
80%
se
80%
sigues
80%
sin
80%
tus
80%
un
80%
Una
80%
una
80%
vi
80%
y
80%
Y
80%
ya
80%
yo
80%
Yo
80%
adrenalina
60%
amigas
60%
Amigos
60%
amigos
60%
chat
60%
comer
60%
da
60%
dando
60%
de
60%
De
60%
en
60%
entender
60%
escribiendo
60%
estoy
60%
Hicimos
60%
historia
60%
juerga
60%
mal
60%
más
60%
misma
60%
nadie
60%
noria
60%
Para
60%
pone
60%
prisioneros
60%
quieren
60%
rápido
60%
Rodeada
60%
Seguimos
60%
Siempre
60%
sigo
60%
Te
60%
te
60%
tiempo
60%
tocó
60%
todo
60%
torpe
60%
60%
tu
60%
Va
60%
acabar
40%
alguien
40%
así
40%
Así
40%
aurora
40%
cagar
40%
chispita
40%
cita
40%
claro
40%
clavó
40%
como
40%
contigo
40%
decidimos
40%
deje
40%
del
40%
desenfreno
40%
Diario
40%
días
40%
dicen
40%
dices
40%
digo
40%
dijo
40%
dolor
40%
dormir
40%
Duele
40%
echarte
40%
empezaba
40%
empezando
40%
empiezo
40%
enamoro
40%
encuentro
40%
entre
40%
esa
40%
espinita
40%
estar
40%
este
40%
final
40%
Fireball
40%
fueras
40%
hablando?
40%
iba
40%
ibuprofeno
40%
juro
40%
llorando
40%
menos
40%
mía
40%
miras
40%
modo
40%
nena
40%
Noa
40%
nota
40%
notar
40%
Nuestra
40%
Ojalá
40%
olvidarme
40%
otra
40%
pagar
40%
pasarían
40%
pase
40%
pasó
40%
pero
40%
Pero
40%
poder
40%
realidad
40%
rebelde
40%
recién
40%
recuerdo
40%
sacarme
40%
sentimos
40%
sería
40%
solo
40%
sorprende
40%
suspiras
40%
verte
40%
vez
40%
viendo
40%
Vivo
40%
Voy
40%
voz
40%
vuelvo
40%
ves
20%
nindis
0%
No se encontraron pruebas coincidentes
Distribución de puntuación
Porcentaje de gente con cada puntuación
Porcentaje por número respondido
Historial de tus puntuaciones
No has intentado esta prueba.